Vnímání příčin uplatnitelnosti absolventů a jejich závislosti a specifika u dílčích skupin
Absolventi vysokoškolského štúdia patria do rizikových skupín na trhu práce. Rast nezamestnanosti v niektorých odboroch, veľa absolventov má tiež problém získať pracovné uplatnenie vo vyštudovanom odbore. Dôvody, prečo zamestnávatelia odmietajú zamestnať absolventov a prečo absolventi hľadajú prácu...
Guardado en:
| Autor principal: | |
|---|---|
| Otros Autores: | , |
| Formato: | Capítulo de libro |
| Lenguaje: | checo |
| Materias: | |
| Etiquetas: |
Sin Etiquetas, Sea el primero en etiquetar este registro!
|
MARC
| LEADER | 00000nla a2200000 4500 | ||
|---|---|---|---|
| 001 | 0236747 | ||
| 005 | 20240417075127.4 | ||
| 041 | 0 | |a cze | |
| 044 | |a CZ | ||
| 245 | 1 | 0 | |a Vnímání příčin uplatnitelnosti absolventů a jejich závislosti a specifika u dílčích skupin |c Markéta Šnýdrová, Ivana Šnýdrová, Lucie Vnoučková |
| 520 | |a Absolventi vysokoškolského štúdia patria do rizikových skupín na trhu práce. Rast nezamestnanosti v niektorých odboroch, veľa absolventov má tiež problém získať pracovné uplatnenie vo vyštudovanom odbore. Dôvody, prečo zamestnávatelia odmietajú zamestnať absolventov a prečo absolventi hľadajú prácu v príbuzných alebo celkom odlišných odboroch. Hypotézy, týkajúce sa uplatnenia absolventov. Článok sa zameral len na absolventov VŠEM, ktorí sa dobrovoľne zúčastnili dotazníkového výskumu. | ||
| 610 | 2 | 0 | |a školy vysoké |
| 610 | 2 | 0 | |a absolventi |
| 610 | 2 | 0 | |a zamestnanosť |
| 610 | 2 | 0 | |a zamestnateľnosť |
| 610 | 2 | 0 | |a trh práce |
| 610 | 2 | 0 | |a Česko |
| 100 | 1 | |a Šnýdrová, Markéta | |
| 700 | 1 | |a Šnýdrová, Ivana | |
| 700 | 1 | |a Vnoučková, Lucie | |